Los muchachos de la calle : Widescreen = Boyz n the Hood : Widescreen /

Gespeichert in:
Bibliographische Detailangaben
1. Verfasser: Singleton, John (realización)
Weitere Verfasser: Singleton, John (guión) (guión), Mills, Charles (fotógrafo) (fotógrafo), Johnson, Darryle (vestuario) (vestuario), Williams, Sharlene (vestuario) (vestuario), Cannon, Bruce (montaje) (montaje), Clarke, Stanley (música) (música), Troutman, Roger (música) (música), Fishburne, Laurence (actuación) (actuación), Gooding, Cuba, hijo (actuación) (actuación), Ice Cube (actuación) (actuación)
Format: Dia
Sprache:Englisch
Veröffentlicht: Los Angeles, EUA : Columbia Pictures, 1991, c1991
Ausgabe:Edición. aumentada
Schlagworte:
Tags: Tag hinzufügen
Keine Tags, Fügen Sie das erste Tag hinzu!

MARC

LEADER 00000ngm^a2200000^a^4500
001 000189700
005 20260429172842.0
009 20260526130629.16
020 |a 0-7678-7651-2 
037 |a Acervo ITESO - Biblioteca 
041 |a ING 
082 |a 819. 5  |b SIN V. 1 
100 |a Singleton, John  |e (realización) 
240 1 5 |a [Los dueños de la calle] 
240 1 5 |a [Los muchachos de la calle] 
245 1 4 |a Los muchachos de la calle :  |b Widescreen = Boyz n the Hood : Widescreen /  |c Realización de J. Singleton. 
246 2 |a Título en México: Los dueños de la calle 
250 |a Edición. aumentada 
264 4 |a Los Angeles, EUA :  |b Columbia Pictures,  |c 1991, c1991 
264 2 |a Los Angeles, EUA :  |b Columbia Pictures [distribución],  |c 2003, c2003 
300 |a 1 DVD región 1 (112 min.) :  |b color 
336 |a imagen móvil bidimensional  |b tdi  |2 rdacontenido 
337 |a video  |b v  |2 rdamedio 
338 |a videodisco  |b vd  |2 rdasoporte 
546 |a En inglés, con subtítulos opcionales: español, francés, inglés 
546 |a Doblaje opcional: español, francés 
586 |a Premio Oscar, de la Academia Norteamericana de Cine (64°: 1991): Mejor Dirección (finalista: John Singleton) 
586 |a Registro Nacional de Cine de la Biblioteca del Congreso: Declaraciones de 2002 
649 |a XX 
650 |a Negros en Los Angeles, EUA -  |x Condiciones Sociales y Culturales -  |x Tema Principal 
650 |a Negros en EUA -  |x Condiciones Sociales y Culturales 
650 |a Bandas Juveniles en el Cine 
650 |a Bandas Juveniles -  |z Los Angeles, EUA -  |x Condiciones Sociales y Culturales -  |x Tema Principal 
650 |a Bandas Juveniles -  |z EUA -  |x Condiciones Sociales y Culturales 
650 |a Jóvenes en el Cine 
650 |a Jóvenes Afroamericanos -  |z Los Angeles EUA -  |x Condiciones Sociales y Culturales -  |x Tema Principal 
650 |a Jóvenes Afroamericanos -  |z EUA -  |x Condiciones Sociales y Culturales 
650 |a Hombres en el Cine 
650 |a Hombres Afroamericanos -  |z Los Angeles, EUA -  |x Condiciones Sociales y Culturales -  |x Tema Principal 
650 |a Hombres -  |z EUA -  |x Condiciones Sociales y Culturales 
650 |a Cine Social y Político 
650 |a Dramas Cinematográficos 
650 |a Opera Prima 
650 |a Cine Afroamericano -  |z EUA 
650 |a Cine Norteamericano -  |y 1990-1999 
650 |a Cine Norteamericano -  |y Siglo XX 
650 |a Venganza -  |x Tema Principal 
650 |a Desarrollo Moral 
650 |a Amistad 
650 |a Paternidad 
650 |a Relaciones Padres-Hijos 
650 |a Delincuencia Juvenil -  |z Los Angeles, EUA 
650 |a Delincuencia Juvenil -  |z EUA 
650 |a Violencia -  |z Los Angeles, EUA 
650 |a Violencia -  |z EUA 
650 |a Machismo -  |z Los Angeles, EUA 
650 |a Machismo -  |z EUA 
650 |a Racismo -  |z Los Angeles, EUA 
650 |a Racismo -  |z EUA 
650 |a Discriminación -  |z Los Angeles, EUA 
650 |a Discriminación -  |z EUA 
650 |a Problemas Sociales -  |z Los Angeles, EUA 
650 |a Problemas Sociales -  |z EUA 
650 |a Ghettos en el Cine 
650 |a Ghettos -  |z Los Angeles, EUA 
650 |a Ghettos -  |z EUA 
650 |a Barrios en el Cine 
650 |a Barrios -  |z Los Angeles, EUA 
650 |a Barrios -  |z EUA 
650 |a Cultura Urbana -  |z Los Angeles, EUA 
650 |a Los Angeles, EUA en el Cine 
650 |a Los Angeles, EUA -  |x Condiciones Sociales y Culturales 
700 |a Singleton, John  |e (guión) 
700 |a Mills, Charles  |e (fotógrafo) 
700 |a Johnson, Darryle  |e (vestuario) 
700 |a Williams, Sharlene  |e (vestuario) 
700 |a Cannon, Bruce  |e (montaje) 
700 |a Clarke, Stanley  |e (música) 
700 |a Troutman, Roger  |e (música) 
700 |a Fishburne, Laurence  |e (actuación) 
700 |a Gooding, Cuba,  |c hijo  |e (actuación) 
700 |a Ice Cube  |e (actuación) 
740 4 |a Los muchachos de la calle :  |b Full Screen = Boyz n the Hood : Full Screen /  |c Realización de J. Singleton. 
910 |a Fondo General 
920 |a Audiovisuales - DVDs 
940 |a Películas 
905 |a 302 
901 |a 0500125028  |b IT2  |c DVS  |u 20250521 
902 |a https://opac.biblio.iteso.mx/vufind/Record/000189700